| 000 | 00569cam a2200169 4500 | ||
|---|---|---|---|
| 020 | _a0139145494 | ||
| 082 | 0 | 0 |
_a620.3 _bTHO _cL-39, P-173. |
| 100 | 1 |
_aThomson, William Tyrrell. _940945 |
|
| 245 | 1 | 0 |
_aTheory of vibration with applications _c[by] William T. Thomson. |
| 260 |
_aEnglewood Cliffs, N.J., _bPrentice-Hall _c[c1972] |
||
| 300 |
_ax, 467 p. _billus. _c24 cm. |
||
| 500 | _aFirst published in 1948 under title: Mechanical vibrations. | ||
| 526 |
_a0 _b0 _c0 _d620_300000000000000_THO |
||
| 650 | 0 |
_aMCE _9379 |
|
| 650 | 0 |
_aVibration. _939230 |
|
| 942 |
_2ddc _cBK |
||
| 999 |
_c545163 _d545163 |
||